000 00580nam a2200229Ia 4500
003 OSt
005 20220916111027.0
006 a|||||r|||| 00| 0
007 ta
008 220915b |||||||| |||| 00| 0 eng d
024 _a123087
037 _cTextbook
040 _beng
_aARTS
_cARTS
041 _aeng
082 _aV6:1wM16, J8 (906)
100 _aMacrtney William M
245 0 _aDr Aggrey : ambassador for Africa
260 _c1958
650 _aHISTORY
942 _hV6:1wM16, J8 (906)
_cTB
_2CC
999 _c103772
_d103772